Missing Word: Peter Jackson Quiz Stats

 Plays Quiz Updated Jan 30, 2019

Support Sporcle.
Go Orange.
Score 0/13 Timer 02:00
0 Plays Today
Peter Jackson Movie Missing Word % Correct
The Lord of the Rings: The Two ____Towers
96.1%
The Lord of the Rings: The ____ of the KingReturn
87.5%
The Lord of the Rings: The ____ of the RingFellowship
82.6%
The Hobbit: The Desolation of ____Smaug
79.4%
They Shall Not ____ OldGrow
75%
The ____ BonesLovely
67.9%
The Hobbit: The ____ of the Five ArmiesBattle
67.8%
King ____Kong
64.1%
The Hobbit: An ____ JourneyUnexpected
62.9%
Heavenly ____Creatures
28.6%
Forgotten ____Silver
10.7%
Bad _____Taste
10%
Meet the ____Feebles
9.8%

Today's Daily Dose

Missing Word
50 Cent Songs

Word Ladder
Close Gunshot

Quick Pick
Pop Punk Bands

Get the Picture
An 'S' in Disney

From the Vault

The Object of the Game

by slipkid

Gaming 8m
Studies show board games are the best way to teach children how to make their siblings angry.
Remove Ads.
Support Sporcle.
Get the best of Sporcle when you Go Orange. This ad-free experience offers more features, more stats, and more fun while also helping to support Sporcle. Thank you for becoming a member.

Show Comments

Extras

Top Quizzes Today


Score Distribution

Your Account Isn't Verified!

In order to create a playlist on Sporcle, you need to verify the email address you used during registration. Go to your Sporcle Settings to finish the process.

Report this User

Report this user for behavior that violates our Community Guidelines.

Details: